000 00682nam a2200241 a 4500
001 BRCA_4059
005 20190320204530.0
008 160210s1948----mx-a######---#000-0#spa-#
041 _aspa
044 _amx
050 4 _aF1221
_b.P69 1948
100 1 _aPozas Arciniega, Ricardo
_910528
245 1 0 _aJuan Pérez Jolote
_bbiografía de un Tzotzil
_cRicardo Pozas A.
260 _aMéxico
_bActa Anthropologica
_c1948
300 _ap. 266-371
_bil.
_c23 cm
440 0 _aActa Anthropologica
_vIII, 3
_910529
500 _aIncluye sumario en inglés
500 _aC00133
600 1 4 _aPérez Jolote, Juan
_910530
650 1 4 _aTzotziles
_910531
902 _aGFM
942 _2lcc
_cB
999 _c3783
_d3783